|
|
|
|
| LEADER |
01082cam a2200229 a 4500 |
| 001 |
c000286686 |
| 003 |
CARM |
| 005 |
20080917144517.0 |
| 008 |
950720s1992 nyu b 000 0 eng d |
| 019 |
1 |
|
|a 11555224
|5 LACONCORD2021
|
| 020 |
|
|
|a 087995101X
|
| 035 |
|
|
|a (OCoLC)40332687
|5 LACONCORD2021
|
| 040 |
|
|
|a NU
|b eng
|c NU
|d NU
|d VCAV
|
| 245 |
0 |
0 |
|a Design guide for warehouse lighting /
|c prepared by the Subcommittee on Warehouse & Storage Area Lighting of the IES Industrial Lighting Committee.
|
| 260 |
|
|
|a New York, N.Y. :
|b Illuminating Engineering Society of North America,
|c 1992.
|
| 300 |
|
|
|a iii, 21 p. :
|b ill., ;
|c 30 cm.
|
| 500 |
|
|
|a "IES DG-2-1992".
|
| 650 |
|
0 |
|a Warehouses
|x Lighting.
|
| 710 |
2 |
|
|a Illuminating Engineering Society of North America.
|b Committee on Industrial Lighting.
|b Subcommittee on Warehouse & Storage Area Lighting
|
| 852 |
8 |
|
|b CARM
|h A1:AQ34D0
|i F05077
|p 0513137
|f BK
|
| 999 |
f |
f |
|i 2a239462-16e9-5199-b893-a4892aea2507
|s 74c87b55-a9b8-5c00-af66-ad46c83c689a
|
| 952 |
f |
f |
|p Can circulate
|a CAVAL
|b CAVAL
|c CAVAL
|d CARM 1 Store
|e F05077
|f A1:AQ34D0
|h Other scheme
|i book
|m 0513137
|